Normal view
MARC view
Entry Personal Name
001 - CONTROL NUMBER
- control field: 44588
003 - CONTROL NUMBER IDENTIFIER
- control field: dpl
005 - DATE AND TIME OF LATEST TRANSACTION
- control field: 20120331114035.0
008 - FIXED-LENGTH DATA ELEMENTS
- fixed length control field: 120331|||a|||||| | ||| d
040 ## - CATALOGING SOURCE
- Original cataloging agency: dpl
- Transcribing agency: dpl
100 ## - HEADING--PERSONAL NAME
- Personal name: Menon, Ramesh
670 ## - SOURCE DATA FOUND
- Source citation: Work cat.: (dpl): Menon, Ramesh, The Ramayana :, 2003
670 ## - SOURCE DATA FOUND
- Source citation: Work cat.: (dpl): Menon, Ramesh, The Ramayana :, 2003
